000 00312nam a22001337a 4500
020 _a0-7513-6902-0
082 _a030
_bDOR/J
100 _aDORLING KINDERSLEY
245 _aJUNGLE ANIMALS
_bPICTUREPEDIA
260 _aLONDON
_bDK BOOKS
_c1993
300 _a48
650 _aENCYCLOPEDIA
_zUNITED KINGDOM
942 _cBK
999 _c2266
_d2266